| 000 | 00651nam a2200229 a 4500 | ||
|---|---|---|---|
| 003 | MX-MxUPN | ||
| 005 | 20250620063841.0 | ||
| 008 | 230920s2018 mx ||||fr|||| 000 0 spa d | ||
| 020 | _a9786079790820 | ||
| 040 |
_aMX-MxUPN _bspa _cMX-MxUPN |
||
| 041 | 0 | _aspa | |
| 050 | 1 | 4 |
_aGN739 _bM38 2018 |
| 100 | 1 |
_aMatos Moctezuma, Eduardo _929027 |
|
| 245 | 1 | 3 | _aLa arqueología |
| 250 | _aPrimera edición. | ||
| 260 |
_aCiudad de México : _bSeminario de Cultura Mexicana, _c2018 |
||
| 300 | _a67 páginas | ||
| 650 | 4 |
_aArqueología _97950 |
|
| 902 |
_aFernandoJiménezSánchez _bVíctor Ruiz/190625 |
||
| 942 |
_2lcc _cLIBRO _n0 |
||
| 999 |
_c210352 _d210352 |
||